000 00433pab a2200169 454500
008 180718b1999 xxu||||| |||| 00| 0 eng d
100 _aShah, Dilip
245 _aSocial forestry: the Gujarat experience
260 _c1999
300 _ap.39-44
362 _aAug
650 _aSocial forestry programs - India - Gujarat
650 _aForestry - India - Gujarat
650 _aForestry
773 _aKurukshetra
909 _a41898
999 _c41898
_d41898